Farm babies / (Record no. 9024)

MARC details
000 -LEADER
fixed length control field 00974nam a22002657a 4500
001 - CONTROL NUMBER
control field 9024
003 - CONTROL NUMBER IDENTIFIER
control field FISKH
005 - DATE AND TIME OF LATEST TRANSACTION
control field 20251114111850.0
008 - FIXED-LENGTH DATA ELEMENTS--GENERAL INFORMATION
fixed length control field 251114b cb ||||| |||| 00| 0 eng d
040 ## - CATALOGING SOURCE
Original cataloging agency FISKH
Language of cataloging eng
Transcribing agency FISKH
Modifying agency FISKH
050 ## - LIBRARY OF CONGRESS CALL NUMBER
Classification number SF75.C35
082 ## - DEWEY DECIMAL CLASSIFICATION NUMBER
Classification number 636.07
100 ## - MAIN ENTRY--PERSONAL NAME
Personal name Campbell, Janet B.
245 ## - TITLE STATEMENT
Title Farm babies /
Statement of responsibility, etc. By Janet B. Campbell ; Illustrated by Barbara Lanza
260 ## - PUBLICATION, DISTRIBUTION, ETC.
Place of publication, distribution, etc. New York :
Name of publisher, distributor, etc. A Golden Book,
Date of publication, distribution, etc. 1994.
300 ## - PHYSICAL DESCRIPTION
Extent 24 pages :
Other physical details color illustrations ;
Dimensions 16 cm
504 ## - BIBLIOGRAPHY, ETC. NOTE
Bibliography, etc. note E<br/>
520 ## - SUMMARY, ETC.
Summary, etc. Farm Babies is a simple, colorful picture book that introduces young children to the baby animals commonly found on a farm. Each page features a different animal family—cows, pigs, sheep, horses, chickens, ducks, and more.
521 8# - TARGET AUDIENCE NOTE
Target audience note 160<br/>
Source Lexile estimate<br/>
521 8# - TARGET AUDIENCE NOTE
Target audience note E<br/>
Source Raz-Plus<br/>
650 ## - SUBJECT ADDED ENTRY--TOPICAL TERM
Topical term or geographic name entry element Animals babies
Form subdivision Picture book
General subdivision Farm life
700 ## - ADDED ENTRY--PERSONAL NAME
Personal name Lanza, Barbara
Relator term illustrator
942 ## - ADDED ENTRY ELEMENTS (KOHA)
Source of classification or shelving scheme Dewey Decimal Classification
Koha item type Books
Suppress in OPAC No
Holdings
Withdrawn status Lost status Source of classification or shelving scheme Damaged status Not for loan Collection Home library Current library Shelving location Date acquired Total Checkouts Full call number Barcode Date last seen Copy number Price effective from Koha item type
    Dewey Decimal Classification     Juvenile Fiction Footprints International School Library Network Toul Tom Poung Campus Footprints International School Library Network Toul Tom Poung Campus TTP Primary Green Bookshelves 11/14/2025   CAM 636.07 SF75.C35 FISBK07074 11/14/2025 1 11/14/2025 Books